Directory of research and development activities in the United Kingdom in land survey and related fields (Record no. 91659)

MARC details
000 -LEADER
fixed length control field 00843cam a2200265 4500
008 - FIXED-LENGTH DATA ELEMENTS--GENERAL INFORMATION
fixed length control field 090401t1987 xxu||||| |||| 00| 0 eng d
020 ## - INTERNATIONAL STANDARD BOOK NUMBER
International Standard Book Number 0854063560
022 ## - INTERNATIONAL STANDARD SERIAL NUMBER
International Standard Serial Number 0309-2119
035 ## - SYSTEM CONTROL NUMBER
System control number (Sirsi) u45207
041 ## - LANGUAGE CODE
Language code of text/sound track or separate title eng
050 ## - LIBRARY OF CONGRESS CALL NUMBER
Classification number 526.9072
090 ## - LOCALLY ASSIGNED LC-TYPE CALL NUMBER (OCLC); LOCAL CALL NUMBER (RLIN)
Classification number (OCLC) (R) ; Classification number, CALL (RLIN) (NR) RICS 1987/48ABC
110 ## - MAIN ENTRY--CORPORATE NAME
Corporate name or jurisdiction name as entry element Royal Institution of Chartered Surveyors
9 (RLIN) 4900
245 ## - TITLE STATEMENT
Title Directory of research and development activities in the United Kingdom in land survey and related fields
250 ## - EDITION STATEMENT
Edition statement 4th ed.
260 ## - PUBLICATION, DISTRIBUTION, ETC.
Place of publication, distribution, etc. London
Name of publisher, distributor, etc. RICS Land Surveyors Division
Date of publication, distribution, etc. 1987
300 ## - PHYSICAL DESCRIPTION
Extent 101p. ; 21cm.
350 ## - PRICE (NR) (BK AM CF MU VM SE) [OBSOLETE]
Price 5.25
490 ## - SERIES STATEMENT
Series statement Directory of Research and Development Activities
520 ## - SUMMARY, ETC.
Summary, etc. Compiled and edited by Dowman,I.J. , Harris,David , and Robin,Claire .
650 ## - SUBJECT ADDED ENTRY--TOPICAL TERM
Topical term or geographic name entry element DIRECTORIES
650 ## - SUBJECT ADDED ENTRY--TOPICAL TERM
Topical term or geographic name entry element LAND SURVEYING
942 ## - ADDED ENTRY ELEMENTS (KOHA)
Suppress in OPAC 0
948 ## - LOCAL PROCESSING INFORMATION (OCLC); SERIES PART DESIGNATOR (RLIN)
c (OCLC) 04/03/1997
Holdings
Withdrawn status Lost status Source of classification or shelving scheme Damaged status Not for loan Home library Current library Shelving location Date acquired Cost, normal purchase price Total Checkouts Full call number Barcode Date last seen Copy number Cost, replacement price Price effective from Koha item type
    Dewey Decimal Classification     Historic collection Historic collection RICS Boxes 14/08/2012     RICS 1987/48 30077584 06/08/2019 1   06/08/2019 Archive
    Dewey Decimal Classification     London London RICS Boxes 14/08/1991 5.25   RICS 1987/48 30019745 06/08/2019 1 5.25 06/08/2019 Reference material
    Dewey Decimal Classification     London London RICS Boxes 14/09/1999 5.25   RICS 1987/48 30027942 06/08/2019 2 5.25 06/08/2019 Archive
    Dewey Decimal Classification     London London RICS Boxes 14/08/1991 5.25   RICS 1987/48 30019746 06/08/2019 3 5.25 06/08/2019 Book